| 000 | 01359cam a2200385Ia 4500 | ||
|---|---|---|---|
| 003 | SJDS | ||
| 005 | 20160915202818.0 | ||
| 008 | 030919s2002 nyuaf 000 0aspa d | ||
| 020 | _a0060559292 (pbk.) | ||
| 020 | _a9780060559298 (pbk.) | ||
| 035 | _a(OCoLC)53055890 | ||
| 040 |
_aIEP _cIEP _dOCLCQ _dOCLCG _dUAF _dIFA _dUtOrBLW |
||
| 041 | _aspa | ||
| 043 | _an-us--- | ||
| 049 | _aIFAA | ||
| 099 | _aESPANOL 92 RAMOS 2002 | ||
| 999 |
_c16169 _d16169 |
||
| 999 | _bESPANOL 92 RAMOS 2002 | ||
| 100 | 1 |
_aRamos, Jorge, _d1958- |
|
| 245 | 1 | 0 |
_aAtravesando fronteras : _bla autobiografía de un periodista en busca de su lugar en el mundo / _cJorge Ramos. |
| 246 | 3 | 0 | _aAutobiografía de un periodista en busca de su lugar en el mundo |
| 250 | _aFirst edition. | ||
| 260 |
_aNew York : _bRayo, _c2002. |
||
| 264 | 1 |
_aNew York : _bRayo, _c2002. |
|
| 300 |
_axxvi, 320 pages, 16 unnumbered plates : _billustrations ; _c21 cm |
||
| 336 |
_atext _btxt _2rdacontent |
||
| 337 |
_aunmediated _bn _2rdamedia |
||
| 338 |
_avolume _bnc _2rdacarrier |
||
| 600 | 1 | 0 |
_aRamos, Jorge, _d1958- |
| 600 | 1 | 7 |
_aRamos, Jorge, _d1958- _2bidex |
| 650 | 0 |
_aTelevision journalists _zUnited States _vBiography. |
|
| 650 | 0 |
_aMexican Americans _vBiography. |
|
| 650 | 7 |
_aPeriodistas televisivos _zEstados Unidos _vBiografía. _2local |
|
| 650 | 7 |
_aMexicano-americanos _vBiografía. _2bidex |
|
| 942 |
_cBK _2ddc |
||